Nástroje marketingového mixu v konkrétnej firme bakalárska práca

Enregistré dans:
Détails bibliographiques
Auteur principal: Kopečná, Kristína
Collectivité auteur: Obchodná fakulta EU. Katedra marketingu
Autres auteurs: Korčoková, Marína, 1970-
Format: Livre
Langue:slovaque
Publié: Bratislava 2018
Tags: Ajouter un tag
Pas de tags, Soyez le premier à ajouter un tag!

MARC

LEADER 00000nbm a2200000 4500
001 0245098
005 20180815085318.1
041 0 |a slo 
044 |a SK 
245 1 0 |a Nástroje marketingového mixu v konkrétnej firme  |b bakalárska práca  |c Kristína Kopečná ; školiteľ: Marína Korčoková 
264 1 |a Bratislava  |c 2018 
300 |a 69 s. 
100 1 |a Kopečná, Kristína 
700 1 |a Korčoková, Marína, 1970- 
710 2 |a Obchodná fakulta EU. Katedra marketingu